Rights over land for electricity infrastructure (Record no. 122168)

MARC details
000 -LEADER
fixed length control field 01994nam a22002297a 4500
008 - FIXED-LENGTH DATA ELEMENTS--GENERAL INFORMATION
fixed length control field 250530t2025 xxk|||||o|||| 00| 0 eng d
041 ## - LANGUAGE CODE
Language code of text/sound track or separate title eng
110 ## - MAIN ENTRY--CORPORATE NAME
Corporate author Royal Institution of Chartered Surveyors
245 ## - TITLE STATEMENT
Title Rights over land for electricity infrastructure
Subtitle - a code of practice
Medium [Electronic resource]
250 ## - EDITION
Edition statement version 1
260 ## - PUBLICATION INFORMATION
Publisher CAAV, RICS, ENA
Date 30 May 2025
300 ## - PHYSICAL DESCRIPTION
Physical description 21p.
500 ## - GENERAL NOTE
General note The Royal Institution of Chartered Surveyors (RICS), the Central Association of Agricultural Valuers (CAAV), and Energy Networks Association (ENA) endorsed a new Code of Practice launched today for professional work in respect of rights over land for electricity infrastructure. This applies to those acting for an electricity undertaker, farmers, or landowners.<br/><br/>Electricity infrastructure projects require rights over farms and other land, impacting owners, tenants, users and their businesses. All their interests must be properly recognised when undertaking these actions.<br/><br/>The Code of Practice whose production was led by the CAAV is best practice guidance for professionals, acknowledging their crucial role delivering electricity infrastructure whilst ensuring those who host such equipment on land are properly and fairly advised, represented and treated. It was developed with an expert working group which included electricity licence holders, those who advise farmers and landowners and their membership organisations.
651 ## - SUBJECT ADDED ENTRY--GEOGRAPHIC NAME
Geographic name United Kingdom
690 ## - BROAD SUBJECT
Broad subject Infrastructure
9 (RLIN) 6246
710 ## - ADDED CORPORATE NAME
Added corporate author Royal Institution of Chartered Surveyors
710 ## - ADDED CORPORATE NAME
Added corporate author Energy Networks Association
710 ## - ADDED CORPORATE NAME
Added corporate author Central Association of Agricultural Valuers
856 ## - ONLINE RESOURCE
Uniform Resource Identifier <a href="https://www.caav.org.uk/rights-over-land-for-electricity-infrastructure-code-of-practice-caav-rics-ena">https://www.caav.org.uk/rights-over-land-for-electricity-infrastructure-code-of-practice-caav-rics-ena</a>
Public note Available from CAAV
856 ## - ONLINE RESOURCE
Uniform Resource Identifier <a href="https://www.rics.org/news-insights/rics-endorses-new-code-of-practice-for-rights-over-land-for-electricity-infrastructure">https://www.rics.org/news-insights/rics-endorses-new-code-of-practice-for-rights-over-land-for-electricity-infrastructure</a>
Public note RICS press release
942 ## - ADDED ENTRY ELEMENTS (KOHA)
Suppress in OPAC Do not suppress in OPAC
Holdings
Lost status Damaged status Not for loan Current library Shelving location Date acquired Total Checkouts Full call number Date last seen Price effective from Koha item type
      Virtual Online 30/05/2025   ONLINE PUBLICATION 30/05/2025 30/05/2025 Online material